[Event "Michigan Class D/E"]
[Site "Grand Rapids, MI"]
[Date "1999.01.09"]
[Round "2"]
[White "Gregg, Ted"]
[Black "Lueer, Michael"]
[Result "1-0"]
[WhiteElo "1605"]
[BlackElo "1605"]
[PlyCount "87"]
[EventDate "1999.01.09"]

1. f4 g6 2. e4 Bg7 3. e5 d6 4. Nf3 dxe5 5. fxe5 Bg4 6. d4 Nc6 7. c3 e6 8. Be2
Bxf3 9. Bxf3 Nge7 10. Bg5 O-O 11. Nd2 f6 12. exf6 Bxf6 13. Bh6 Bg7 14. Bg5 h6
15. Bh4 g5 16. Bg3 Nd5 17. Qe2 Qe7 18. O-O-O e5 19. Bxd5+ Kh8 20. Bxc6 bxc6 21.
Bxe5 Qf7 22. Bxg7+ Qxg7 23. Qe5 Rae8 24. Qxg7+ Kxg7 25. Rde1 Rxe1+ 26. Rxe1 Rf2
27. Rg1 h5 28. Nf3 g4 29. Ne5 Kh6 30. Nxc6 h4 31. h3 gxh3 32. gxh3 Rh2 33. Nxa7
Rxh3 34. Kc2 Rg3 35. Re1 h3 36. Nc6 h2 37. Rh1 Rg2+ 38. Kb3 Kg5 39. a4 Kg4 40.
a5 Kg3 41. a6 Rg1 42. Rxh2 Kxh2 43. a7 Rg8 44. Nb8 1-0

[Event "Michigan Masters/Experts"]
[Site "Grand Rapids, MI"]
[Date "1999.01.09"]
[Round "1.5"]
[White "Ghobrial, Ameer"]
[Black "Aldrich, Jeff"]
[Result "0-1"]
[WhiteElo "2107"]
[BlackElo "2015"]
[PlyCount "80"]
[EventDate "1999.01.09"]

1. c4 Nf6 2. Nc3 g6 3. e4 d6 4. g3 Bg7 5. Bg2 O-O 6. Nge2 c5 7. O-O Nc6 8. h3
a6 9. f4 e6 10. d3 Rb8 11. g4 Ne8 12. f5 Nd4 13. Nxd4 Bxd4+ 14. Kh1 b5 15. Qf3
g5 16. h4 h6 17. Ne2 Be5 18. Ng3 f6 19. fxe6 Bxe6 20. Nf5 Bxf5 21. Qxf5 Qe7 22.
cxb5 Rxb5 23. Rb1 Nc7 24. Bf3 Ne6 25. Bd1 Kg7 26. Qf2 Rfb8 27. Bb3 Nf4 28. Bc4
R5b6 29. b3 Qd7 30. Qf3 Ng6 31. h5 Nf4 32. Be3 a5 33. a4 Qc7 34. Rfd1 Rb4 35.
Bb5 Qf7 36. Bd2 Rxb3 37. Bc4 Qxc4 38. Be3 Qxa4 39. Bxf4 Bxf4 40. Qf1 Rb2 0-1

[Event "Michigan Class D/E"]
[Site "Grand Rapids, MI"]
[Date "1999.01.09"]
[Round "1"]
[White "Friday, Matt"]
[Black "Mitchell, Dave"]
[Result "0-1"]
[WhiteElo "1605"]
[BlackElo "1605"]
[PlyCount "50"]
[EventDate "1999.01.09"]

1. e4 d6 2. Nc3 Nf6 3. h3 c6 4. Nf3 Nbd7 5. d4 Qa5 6. Bd2 e5 7. Bd3 Be7 8. O-O
O-O 9. Re1 Qc7 10. d5 Nc5 11. Qe2 Nxd3 12. Qxd3 a5 13. b3 b5 14. a4 b4 15. Ne2
Ba6 16. Qe3 cxd5 17. exd5 Qxc2 18. Ng3 Nxd5 19. Qe4 Qxb3 20. Rec1 Bd3 21. Qg4
Nf6 22. Qg5 Qe6 23. Qe3 Bg6 24. Ra2 Qxa2 25. Nh4 Nd5 $138 0-1

[Event "Michigan Class D/E"]
[Site "Grand Rapids, MI"]
[Date "1999.01.09"]
[Round "1"]
[White "Frelander, Marc"]
[Black "Gregg, Ted"]
[Result "1-0"]
[WhiteElo "1605"]
[BlackElo "1605"]
[PlyCount "87"]
[EventDate "1999.01.09"]

1. e4 e5 2. Nf3 Nc6 3. Nc3 Nf6 4. d4 exd4 5. Nxd4 Ne5 6. Bd3 Bb4 7. Qd2 O-O 8.
a3 Ba5 9. O-O c6 10. b4 Bb6 11. Nf5 d5 12. exd5 Nxd5 13. Nxd5 Nxd3 14. Qxd3
Bxf5 15. Qxf5 Qxd5 16. Qxd5 cxd5 17. Bb2 Rfe8 18. Rfd1 d4 19. Bxd4 Bxd4 20.
Rxd4 Re2 21. c4 Rae8 22. Kf1 g6 23. g3 f5 24. c5 Kf7 25. Rd7+ R2e7 26. Rxe7+
Rxe7 27. a4 Ke8 28. Re1 Rxe1+ 29. Kxe1 Kd7 30. Ke2 Kc6 31. Kd3 b6 32. cxb6 axb6
33. Kc4 g5 34. h4 h6 35. hxg5 hxg5 36. f4 gxf4 37. gxf4 Kb7 38. a5 bxa5 39.
bxa5 Ka6 40. Kd5 Kxa5 41. Ke5 Kb5 42. Kxf5 Kc6 43. Ke6 Kc7 44. Ke7 1-0

[Event "Michigan Beginners"]
[Site "Grand Rapids, MI"]
[Date "1999.01.09"]
[Round "3"]
[White "Foreman, Steve"]
[Black "Evans, Joseph"]
[Result "1-0"]
[WhiteElo "1605"]
[BlackElo "1605"]
[PlyCount "25"]
[EventDate "1999.01.09"]

1. e4 e5 2. Nf3 Nc6 3. Bc4 Nf6 4. Ng5 Rg8 5. Bxf7+ Ke7 6. Bxg8 Nxg8 7. Qh5 Nf6
8. Qf7+ Kd6 9. b3 h6 10. Ba3+ Nb4 11. Bxb4+ Kc6 12. Qc4+ Bc5 13. Qxc5# 1-0

[Event "Michigan Class C"]
[Site "Grand Rapids, MI"]
[Date "1999.01.09"]
[Round "1"]
[White "Foord, Allan"]
[Black "Filkins, Kenn"]
[Result "1-0"]
[WhiteElo "1605"]
[BlackElo "1605"]
[PlyCount "71"]
[EventDate "1999.01.09"]

1. e4 e5 2. Nf3 Nc6 3. Bb5 a6 4. Ba4 Nf6 5. O-O Bc5 6. Qe2 O-O 7. c3 d6 8. h3
Be6 9. d3 h6 10. Be3 Bd7 11. Bxc5 dxc5 12. Bxc6 Bxc6 13. Nxe5 Qd6 14. Nxc6 Qxc6
15. Nd2 Rad8 16. Rad1 Rfe8 17. Nf3 b6 18. Rfe1 Qb7 19. Qc2 Nh7 20. e5 Nf8 21.
Qb3 Kh8 22. Qxf7 Ne6 23. Nh4 Ng5 24. Ng6+ Kh7 25. Qf5 Kg8 26. f4 Ne6 27. Qe4
Qc8 28. f5 Ng5 29. Qc4+ Ne6 30. fxe6 Rxe6 31. Nf4 Rde8 32. Nxe6 Rxe6 33. d4 Kh7
34. d5 Rg6 35. e6 a5 36. Qd3 1-0

[Event "Michigan Class C"]
[Site "Grand Rapids, MI"]
[Date "1999.01.09"]
[Round "3"]
[White "Foord, Allan"]
[Black "Belill, Nathan"]
[Result "0-1"]
[WhiteElo "1605"]
[BlackElo "1605"]
[PlyCount "80"]
[EventDate "1999.01.09"]

1. e4 c5 2. Nf3 d6 3. d4 cxd4 4. Nxd4 Nf6 5. Nc3 a6 6. Bg5 e6 7. Be2 Nbd7 8.
O-O Be7 9. Kh1 Qc7 10. f4 h6 11. Bxf6 Nxf6 12. Qd3 b5 13. a3 Bb7 14. Bf3 O-O
15. Rae1 Rfd8 16. f5 e5 17. Nde2 Rac8 18. Ng3 Qc5 19. Qe3 a5 20. Rf2 Nd7 21.
Nd5 Bxd5 22. exd5 Nb6 23. Qxc5 Rxc5 24. Rd1 b4 25. axb4 axb4 26. b3 Rdc8 27.
Rdd2 Bg5 28. Rde2 Nxd5 29. Ne4 Be3 30. Nxd6 Bxf2 31. Nxc8 Ra5 32. g3 Ne3 33. h4
Ra1+ 34. Kh2 Nf1+ 35. Kh3 Bxg3 36. Bg2 Bf4 37. Ne7+ Kf8 38. Nd5 Ng3 39. Nxf4
Nxe2 40. c4 Rb1 0-1

[Event "Michigan Class C"]
[Site "Grand Rapids, MI"]
[Date "1999.01.09"]
[Round "2"]
[White "Filkins, Kenn"]
[Black "Grzegorczyk, Ron"]
[Result "0-1"]
[WhiteElo "1605"]
[BlackElo "1605"]
[PlyCount "60"]
[EventDate "1999.01.09"]

1. d4 d5 2. c4 c6 3. Nc3 e6 4. Nf3 Nf6 5. Bg5 Be7 6. e3 Nbd7 7. Qc2 b6 8. cxd5
cxd5 9. Bd3 Bb7 10. O-O h6 11. Bxf6 Bxf6 12. Rac1 O-O 13. Rfd1 Rc8 14. Qd2 Kh8
15. Nb5 e5 16. Rxc8 Bxc8 17. dxe5 Nxe5 18. Nxe5 Bxe5 19. Nxa7 Qf6 20. b3 Be6
21. Rc1 d4 22. Qb4 Ra8 23. Qxb6 dxe3 24. fxe3 Qh4 25. Qc6 Bxh2+ 26. Kf1 Qf6+
27. Ke2 Bg4+ 28. Kd2 Qf2+ 29. Kc3 Be5+ 30. Kb4 Qd2+ 0-1

[Event "Michigan Beginners"]
[Site "Grand Rapids, MI"]
[Date "1999.01.09"]
[Round "3"]
[White "Feller, Brad"]
[Black "McMillan, Timothy"]
[Result "0-1"]
[WhiteElo "1605"]
[BlackElo "1605"]
[PlyCount "111"]
[EventDate "1999.01.09"]

1. e4 c5 2. c3 Nc6 3. d4 cxd4 4. cxd4 d5 5. exd5 Qxd5 6. Be3 e5 7. Nf3 Bg4 8.
Be2 Nxd4 9. Nxd4 Bxe2 10. Nxe2 Qxd1+ 11. Kxd1 O-O-O+ 12. Nd2 Kb8 13. g3 f5 14.
f4 e4 15. h3 Nh6 16. g4 Bb4 17. gxf5 Bxd2 18. Bxd2 e3 19. Rc1 Rxd2+ 20. Ke1
Nxf5 21. Rg1 g6 22. Rb1 Rhd8 23. a3 Nd4 24. Nxd4 R8xd4 25. Rc1 e2 26. f5 a6 27.
Kf2 Rxb2 28. fxg6 hxg6 29. Rce1 Rd1 30. Rxg6 Rbb1 31. Rxe2 Rf1+ 32. Kg2 Rg1+
33. Kf2 Rxg6 34. Re3 Rb2+ 35. Kf3 Kc7 36. Kf4 Rf2+ 37. Ke4 Re6+ 38. Kd3 Rxe3+
39. Kxe3 Rh2 40. a4 Rxh3+ 41. Kd2 Ra3 42. Kc2 Rxa4 43. Kb3 Rh4 44. Ka3 b5 45.
Kb3 a5 46. Ka3 Kc6 47. Kb3 a4+ 48. Ka3 Kc5 49. Ka2 Rh3 50. Kb2 b4 51. Ka2 Rh2+
52. Ka1 a3 53. Kb1 Kc4 54. Kc1 Kb3 55. Kd1 a2 56. Ke1 0-1

[Event "Michigan Class A"]
[Site "Grand Rapids, MI"]
[Date "1999.01.09"]
[Round "1"]
[White "Evans Sr., Thomas"]
[Black "Garrison, Ray"]
[Result "1-0"]
[WhiteElo "1895"]
[BlackElo "1800"]
[PlyCount "63"]
[EventDate "1999.01.09"]

1. e4 e6 2. d4 d5 3. e5 c5 4. Bb5+ Bd7 5. Bxd7+ Nxd7 6. c3 Ne7 7. Ne2 Nc6 8. a3
b5 9. O-O a5 10. f4 a4 11. f5 Qb6 12. fxe6 fxe6 13. Kh1 O-O-O 14. Nf4 Na5 15.
Nd2 c4 16. Qg4 Re8 17. Nf3 Nb7 18. Bd2 Nd8 19. Qh5 Be7 20. Qg4 g6 21. Ng5 Bxg5
22. Qxg5 Ref8 23. Nh3 Nf7 24. Qe7 Nd8 25. Bh6 Re8 26. Qh4 Qb7 27. Rf3 Nb8 28.
Raf1 Nbc6 29. Ng5 Ne7 30. Nf7 Nxf7 31. Rxf7 Reg8 32. Bg5 1-0

[Event "Michigan Class A"]
[Site "Grand Rapids, MI"]
[Date "1999.01.09"]
[Round "3"]
[White "Evans Sr., Thomas"]
[Black "Bailey, Greg"]
[Result "1-0"]
[WhiteElo "1895"]
[BlackElo "1915"]
[PlyCount "73"]
[EventDate "1999.01.09"]

1. e4 e6 2. d4 d5 3. e5 c5 4. c3 Nc6 5. Nf3 Bd7 6. Be2 Qc7 7. O-O f6 8. Bf4 h6
9. Bg3 f5 10. Nh4 O-O-O 11. Ng6 Rh7 12. Na3 Nce7 13. Nxf8 Rxf8 14. f4 c4 15. b3
b5 16. bxc4 bxc4 17. Qc1 Kb8 18. Rb1+ Ka8 19. Nb5 Bxb5 20. Rxb5 Rb8 21. Qb2 g5
22. Rb1 Rxb5 23. Qxb5 Nc6 24. Qc5 Nge7 25. Rb5 Rh8 26. Bh5 Rb8 27. a4 a6 28.
Rb4 Rxb4 29. cxb4 Qa7 30. Qxa7+ Kxa7 31. fxg5 c3 32. gxh6 c2 33. Bf4 Nxd4 34.
Be3 Kb7 35. h7 f4 36. Bxf4 Ng6 37. Bxg6 1-0

[Event "Michigan Class D/E"]
[Site "Grand Rapids, MI"]
[Date "1999.01.09"]
[Round "1"]
[White "Evans Jr., Thomas"]
[Black "Roth, Bruce"]
[Result "1-0"]
[WhiteElo "1605"]
[BlackElo "1605"]
[PlyCount "109"]
[EventDate "1999.01.09"]

1. d4 Nf6 2. c4 g6 3. e3 Bg7 4. Nc3 O-O 5. Nf3 d6 6. Be2 Nbd7 7. O-O c6 8. Bd2
Re8 9. e4 e5 10. d5 Nc5 11. Qc2 a5 12. a3 Qb6 13. Be3 Qb3 14. Qb1 cxd5 15. cxd5
Ng4 16. Nd2 Qb6 17. Na4 Qc7 18. Bxc5 dxc5 19. Qc2 Bf8 20. Rac1 b6 21. Bb5 Bd7
22. Bxd7 Qxd7 23. Nxb6 Qa7 24. Nxa8 Rxa8 25. Nf3 Bd6 26. Qc4 Nf6 27. Nd2 Nd7
28. Qd3 f6 29. Nc4 Qa6 30. Qh3 Rd8 31. Qe6+ Kg7 32. Nxd6 Qb6 33. Qe7+ Kg8 34.
Ne8 Rxe8 35. Qxe8+ Nf8 36. Rb1 Qd6 37. Qc6 Qe7 38. d6 Qe6 39. Qxc5 Nd7 40. Qd5
Qxd5 41. exd5 Kf8 42. Rbc1 e4 43. Rc7 Nb6 44. Re7 Nxd5 45. Rxe4 Nb6 46. Rd1 Nd7
47. Re7 Ne5 48. d7 Kxe7 49. d8=Q+ Ke6 50. Rd6+ Kf5 51. Qxf6+ Ke4 52. Qe6 g5 53.
f3+ Kf4 54. Rd4+ Ke3 55. Qxe5# 1-0

[Event "Michigan Class D/E"]
[Site "Grand Rapids, MI"]
[Date "1999.01.09"]
[Round "2"]
[White "Evans Jr., Thomas"]
[Black "Kotman, Stuart"]
[Result "1/2-1/2"]
[WhiteElo "1605"]
[BlackElo "1605"]
[PlyCount "84"]
[EventDate "1999.01.09"]

1. d4 Nf6 2. c4 e6 3. a3 b6 4. Nc3 Bb7 5. e3 Ne4 6. Nxe4 Bxe4 7. Nf3 Be7 8. Bd3
Bxd3 9. Qxd3 d5 10. cxd5 exd5 11. O-O O-O 12. e4 dxe4 13. Qxe4 Nd7 14. Qg4 Nf6
15. Qf5 Qd5 16. Qc2 Bd6 17. Re1 Rfe8 18. Bg5 Ne4 19. Be3 Re6 20. Rad1 f6 21.
Qc1 Rae8 22. Bf4 Bxf4 23. Qxf4 R6e7 24. Rc1 Qd6 25. Qxd6 Nxd6 26. Rxe7 Rxe7 27.
h3 Rd7 28. Kf1 Kf7 29. Ke2 Ke6 30. Kd3 Kd5 31. Nd2 Re7 32. Nc4 Nxc4 33. Rxc4
Re1 34. Rxc7 Rd1+ 35. Ke2 Rb1 36. Rxg7 Rxb2+ 37. Kd1 Rxf2 38. Rxh7 Rxg2 39.
Rxa7 Rh2 40. Rd7+ Kc4 41. Rd6 Rxh3 42. Rxf6 Rxa3 1/2-1/2

[Event "Michigan Beginners"]
[Site "Grand Rapids, MI"]
[Date "1999.01.09"]
[Round "2"]
[White "Evans, Joseph"]
[Black "Sunnerville, Bret"]
[Result "1-0"]
[WhiteElo "1605"]
[BlackElo "1605"]
[PlyCount "67"]
[EventDate "1999.01.09"]

1. e4 d6 2. Nf3 e5 3. Bc4 Nh6 4. O-O Be6 5. Bxe6 fxe6 6. d4 c5 7. dxe5 c4 8.
Ng5 Qe7 9. Na3 dxe5 10. Nxc4 Nc6 11. Qf3 Nd4 12. Qd3 Rd8 13. c3 Nc6 14. Qh3 g6
15. Nxe6 Ra8 16. Nxf8 Qxf8 17. Bxh6 Qf6 18. Rfd1 b5 19. Rd6 Qe7 20. Re6 Rd8 21.
Rxe7+ Nxe7 22. Bg7 Rg8 23. Qxh7 bxc4 24. h3 Kf7 25. Bxe5+ Ke6 26. Bd4 Rdf8 27.
Bc5 Rf7 28. Qh4 g5 29. Qg4+ Nf5 30. exf5+ Rxf5 31. Qxc4+ Rd5 32. Re1+ Kd7 33.
Qxd5+ Kc8 34. Qxg8+ 1-0

[Event "Michigan Class A"]
[Site "Grand Rapids, MI"]
[Date "1999.01.09"]
[Round "1"]
[White "Estlick, Laurence"]
[Black "Turner, Keita"]
[Result "1-0"]
[WhiteElo "1960"]
[BlackElo "1890"]
[PlyCount "85"]
[EventDate "1999.01.09"]

1. d4 Nf6 2. c4 g6 3. Nc3 Bg7 4. e4 d6 5. Nf3 O-O 6. Be2 e5 7. dxe5 dxe5 8. O-O
Nbd7 9. h3 c6 10. Be3 Qc7 11. Qc2 a5 12. Rac1 b6 13. Rfd1 Nh5 14. Qd2 Nf4 15.
Bf1 f5 16. Qd6 Ra7 17. exf5 Rxf5 18. Qxc7 Rxc7 19. Ne4 Nxh3+ 20. gxh3 Rxf3 21.
Bg2 Rf8 22. Ng5 Rf6 23. Ne4 Rf8 24. Rd6 Nf6 25. Bxb6 Rb7 26. Nxf6+ Rxf6 27.
Rxf6 Bxf6 28. c5 Bd7 29. b3 Kf7 30. Rc2 Rb8 31. Bxa5 Bd8 32. Bxd8 Rxd8 33. Rd2
Ke7 34. Rd6 Be8 35. Bxc6 Rxd6 36. cxd6+ Kd8 37. Bxe8 Kxe8 38. Kg2 Kd7 39. Kf3
h5 40. h4 Kxd6 41. Ke4 Ke6 42. f4 g5 43. fxg5 1-0

[Event "Michigan Class A"]
[Site "Grand Rapids, MI"]
[Date "1999.01.09"]
[Round "3"]
[White "Estlick, Laurence"]
[Black "Evans Sr., Thomas"]
[Result "1-0"]
[WhiteElo "1960"]
[BlackElo "1895"]
[PlyCount "83"]
[EventDate "1999.01.09"]

1. d4 d5 2. c4 c6 3. Nf3 Nf6 4. e3 Bf5 5. Nc3 e6 6. Be2 Bd6 7. h3 Ne4 8. Nd2
Nxc3 9. bxc3 O-O 10. cxd5 exd5 11. c4 Qg5 12. Bg4 Bxg4 13. Qxg4 Qxg4 14. hxg4
Bb4 15. cxd5 cxd5 16. Rb1 Nc6 17. a3 Bxd2+ 18. Bxd2 b6 19. Rh5 f5 20. Rxf5 Rxf5
21. gxf5 Re8 22. Kd1 Ne7 23. g4 Kf7 24. Rc1 Rc8 25. f3 Rxc1+ 26. Kxc1 Kf6 27.
Kc2 h5 28. Be1 Kg5 29. gxh5 Nxf5 30. Kd3 Kxh5 31. e4 Ne7 32. Bb4 dxe4+ 33. fxe4
Nc6 34. d5 Nxb4+ 35. axb4 Kg6 36. b5 Kf6 37. Kd4 g5 38. e5+ Kf5 39. e6 Kf6 40.
Ke4 Kg6 41. d6 Kf6 42. d7 1-0

[Event "Michigan Beginners"]
[Site "Grand Rapids, MI"]
[Date "1999.01.09"]
[Round "1"]
[White "Dudley, Vernon"]
[Black "Sunnerville, Bret"]
[Result "1-0"]
[WhiteElo "1605"]
[BlackElo "1605"]
[PlyCount "27"]
[EventDate "1999.01.09"]

1. e4 Nf6 2. e5 Nd5 3. c4 g6 4. cxd5 Bg7 5. d4 O-O 6. Nc3 d6 7. Nf3 c5 8. Be3
b6 9. Qc2 Bf5 10. Bd3 a6 11. Bxf5 gxf5 12. Qxf5 cxd4 13. Ng5 b5 14. Qxh7# 1-0

[Event "Michigan Beginners"]
[Site "Grand Rapids, MI"]
[Date "1999.01.09"]
[Round "3"]
[White "Dudley, Vernon"]
[Black "Jackson, Kevin"]
[Result "0-1"]
[WhiteElo "1605"]
[BlackElo "1605"]
[PlyCount "70"]
[EventDate "1999.01.09"]

1. e4 c5 2. d4 cxd4 3. Qxd4 Nc6 4. Qe3 Nf6 5. Bd2 e5 6. Be2 Nd4 7. Bd3 Bc5 8.
Qg5 O-O 9. Qxe5 d6 10. Qg5 Ng4 11. Qxd8 Rxd8 12. c3 Nxf2 13. cxd4 Nxd3+ 14. Kd1
Bxd4 15. Bc3 Nf2+ 16. Ke2 Bg4+ 17. Nf3 Bxc3 18. Nxc3 Nxh1 19. Rxh1 Rac8 20. h3
Bh5 21. g4 Bg6 22. Rd1 Re8 23. Rd4 a6 24. h4 d5 25. e5 f6 26. Rxd5 fxe5 27.
Nxe5 Bf7 28. Rd7 Rxe5+ 29. Kf3 b5 30. Ra7 Bd5+ 31. Nxd5 Rxd5 32. Rxa6 Rd2 33.
b4 Rb2 34. a3 Rb3+ 35. Kf4 Re8 0-1

[Event "Michigan Class B"]
[Site "Grand Rapids, MI"]
[Date "1999.01.09"]
[Round "3"]
[White "Dorrington, Eldon"]
[Black "Moore, Robert"]
[Result "1/2-1/2"]
[WhiteElo "1605"]
[BlackElo "1605"]
[PlyCount "85"]
[EventDate "1999.01.09"]

1. d4 d6 2. e3 g6 3. Bd3 Bg7 4. f4 Nd7 5. c3 c5 6. Nf3 Ngf6 7. O-O Qc7 8. Nbd2
O-O 9. Qe1 a6 10. Kh1 e5 11. fxe5 dxe5 12. Qh4 cxd4 13. exd4 exd4 14. Nxd4 Qd6
15. Nc4 Qd5 16. Bh6 Qh5 17. Qxh5 Nxh5 18. Bxg7 Nxg7 19. Nd6 Nc5 20. Bc4 Be6 21.
Nxe6 Ngxe6 22. b4 Na4 23. Nxf7 Ng7 24. Nh6+ Kh8 25. Rxf8+ Rxf8 26. Nf7+ Kg8 27.
Rf1 Nf5 28. Nd6+ Kg7 29. Nxf5+ Rxf5 30. Rxf5 gxf5 31. Bd5 Nxc3 32. Bxb7 Nxa2
33. Bxa6 Nxb4 34. Bb5 Kf6 35. Kg1 Kg5 36. Kf2 h5 37. Kf3 h4 38. h3 Nc2 39. Ba6
Nd4+ 40. Kf2 Kf4 41. Bb7 Nb5 42. Ba8 Nd6 43. Bc6 1/2-1/2

[Event "Michigan Class B"]
[Site "Grand Rapids, MI"]
[Date "1999.01.09"]
[Round "1"]
[White "Dorrington, Eldon"]
[Black "Barta, Roger"]
[Result "1-0"]
[WhiteElo "1605"]
[BlackElo "1715"]
[PlyCount "87"]
[EventDate "1999.01.09"]

1. d4 d5 2. e3 Nf6 3. f4 Bf5 4. Nf3 Nbd7 5. c4 c6 6. Nc3 e6 7. c5 Be7 8. Be2
Ne4 9. O-O Ndf6 10. Nxe4 Nxe4 11. Nd2 O-O 12. Nxe4 Bxe4 13. Bf3 f5 14. b4 Kh8
15. Bxe4 fxe4 16. Bd2 Qe8 17. Qe2 Qg6 18. Rf2 Rf5 19. Kh1 h5 20. Rg1 Raf8 21.
g3 Qh6 22. g4 hxg4 23. Rfg2 Rg8 24. Qxg4 Rh5 25. Qe2 a6 26. Rg6 Qh7 27. Rxe6
Bf6 28. Rg2 Qf5 29. Qg4 Qxg4 30. Rxg4 Rf8 31. a4 Kg8 32. Rd6 Rf7 33. b5 axb5
34. axb5 Be7 35. Rd7 Bf6 36. bxc6 Rxd7 37. cxd7 Bd8 38. Rg1 Kf7 39. Rb1 Rh6 40.
Rxb7 Ke7 41. Ra7 Rg6 42. Be1 Rg4 43. h3 Rg6 44. Bh4+ 1-0

[Event "Michigan Beginners"]
[Site "Grand Rapids, MI"]
[Date "1999.01.09"]
[Round "2"]
[White "DeLucas, Ronald"]
[Black "Feller, Brad"]
[Result "1-0"]
[WhiteElo "1605"]
[BlackElo "1605"]
[PlyCount "71"]
[EventDate "1999.01.09"]

1. d4 d5 2. f3 c6 3. c3 Bf5 4. e3 h5 5. Bd3 Qd7 6. Qe2 Bxd3 7. Qxd3 e6 8. e4
Na6 9. e5 g6 10. Bg5 Bg7 11. h4 Bh6 12. Nh3 Bxg5 13. Nxg5 Ne7 14. g4 O-O-O 15.
Nxf7 hxg4 16. Nxh8 Rxh8 17. fxg4 Qe8 18. Nd2 g5 19. h5 b5 20. b4 Qf8 21. Rf1
Qd8 22. O-O-O Nb8 23. Rf6 Qd7 24. Rdf1 Kc7 25. Rf8 Rxf8 26. Rxf8 Nc8 27. Qg6
Qe7 28. Qg8 Qd7 29. Rf7 Ne7 30. Qh7 Qe8 31. Rxe7+ Kb6 32. Rxe8 Na6 33. Re7 c5
34. Rxa7 cxb4 35. cxb4 Nxb4 36. Qb7# 1-0

[Event "Michigan Beginners"]
[Site "Grand Rapids, MI"]
[Date "1999.01.09"]
[Round "1"]
[White "DeLucas, Ronald"]
[Black "Ball, Jason"]
[Result "0-1"]
[WhiteElo "1605"]
[BlackElo "1605"]
[PlyCount "82"]
[EventDate "1999.01.09"]

1. d4 e6 2. e3 d5 3. c3 Nf6 4. f3 c5 5. a3 a6 6. b3 cxd4 7. exd4 Nc6 8. Be3 e5
9. Nh3 Bxh3 10. gxh3 exd4 11. cxd4 Be7 12. Bf2 O-O 13. Qc2 Qa5+ 14. Nd2 Rfe8
15. Bd3 Nb4 16. Qb1 Nxd3+ 17. Qxd3 Bxa3+ 18. Kf1 Rac8 19. Be3 Rc3 20. Rxa3 Rc1+
21. Kg2 Qxa3 22. Rxc1 Qxc1 23. Nf1 Qc7 24. Qf5 Qc3 25. Kf2 Qxb3 26. h4 a5 27.
h5 h6 28. h3 a4 29. Nh2 a3 30. Ng4 Nxg4+ 31. hxg4 Qxe3+ 32. Kg3 a2 33. g5 Qxg5+
34. Qg4 Qxg4+ 35. Kxg4 a1=Q 36. f4 Re4 37. Kf5 Qc1 38. Kg4 Qxf4+ 39. Kh3 Qg4+
40. Kh2 Re2+ 41. Kh1 Qg2# 0-1

[Event "Michigan Class D/E"]
[Site "Grand Rapids, MI"]
[Date "1999.01.09"]
[Round "3"]
[White "DeFrayne, Don"]
[Black "Miller, Jess"]
[Result "1/2-1/2"]
[WhiteElo "1605"]
[BlackElo "1605"]
[PlyCount "62"]
[EventDate "1999.01.09"]

1. e4 e6 2. d4 d5 3. Nc3 Bb4 4. exd5 Bxc3+ 5. bxc3 exd5 6. Ba3 Nf6 7. Bb5+ c6
8. Bd3 Be6 9. Ne2 Nbd7 10. Nf4 Qc7 11. Nxe6 fxe6 12. Qe2 O-O-O 13. Rb1 Rde8 14.
O-O h5 15. f4 Ng4 16. h3 Ngf6 17. Bg6 Ne4 18. Bxe4 dxe4 19. Qxe4 Nb6 20. f5
exf5 21. Qxf5+ Kb8 22. Qg6 Nc4 23. Bc1 Rhf8 24. Bg5 Qc8 25. Qd3 Nb6 26. Rxf8
Rxf8 27. Be7 Rg8 28. Bc5 Qc7 29. Qh7 Re8 30. Qg6 Qd7 31. Qxh5 Nd5 1/2-1/2

[Event "Michigan Class D/E"]
[Site "Grand Rapids, MI"]
[Date "1999.01.09"]
[Round "1"]
[White "DeFrayne, Don"]
[Black "Lueer, Michael"]
[Result "1-0"]
[WhiteElo "1605"]
[BlackElo "1605"]
[PlyCount "71"]
[EventDate "1999.01.09"]

1. e4 g6 2. d4 Bg7 3. f4 d6 4. Bc4 e6 5. Ne2 Nf6 6. Nbc3 O-O 7. O-O Nbd7 8. Be3
b6 9. e5 Ng4 10. Rf3 Bb7 11. Rg3 h5 12. h3 Nh6 13. Bd3 d5 14. Qd2 f5 15. Rxg6
Qe7 16. Ng3 Qf7 17. Rg5 Kh7 18. Nxh5 Rg8 19. Nb5 Nf8 20. g4 Ba6 21. Nxc7 Qxc7
22. Bxa6 Nf7 23. Rxg7+ Rxg7 24. Nxg7 Kxg7 25. Bd3 fxg4 26. Qg2 Nh6 27. hxg4 Ng6
28. f5 Nh4 29. Bxh6+ Kxh6 30. Qh3 Kg5 31. f6 Rh8 32. Qe3+ Kxg4 33. Be2+ Kf5 34.
Rf1+ Kg6 35. Qg3+ Kf7 36. Qg7+ 1-0

[Event "Michigan Masters/Experts"]
[Site "Grand Rapids, MI"]
[Date "1999.01.09"]
[Round "1.3"]
[White "Czuhai, Kevin"]
[Black "Hartwig, Thomas"]
[Result "1-0"]
[WhiteElo "2232"]
[BlackElo "2040"]
[PlyCount "75"]
[EventDate "1999.01.09"]

1. e4 c5 2. Nf3 d6 3. Bb5+ Bd7 4. Bxd7+ Qxd7 5. O-O e6 6. b3 Be7 7. Bb2 Bf6 8.
e5 dxe5 9. Nxe5 Qc7 10. f4 Nc6 11. Qf3 Nge7 12. Na3 Nf5 13. Rae1 Nfd4 14. Qf2
a6 15. c3 Nb5 16. Nac4 b6 17. Nxc6 Qxc6 18. Ne5 Bxe5 19. Rxe5 Qd6 20. a4 Na7
21. d4 cxd4 22. cxd4 O-O 23. Qh4 Nc6 24. Rh5 Qe7 25. Qh3 h6 26. Rf3 f6 27. Re3
Rad8 28. d5 Qc5 29. dxc6 Rd1+ 30. Kf2 Rd2+ 31. Ke1 Qc2 32. Qxe6+ Kh8 33. Rxh6+
gxh6 34. Bxf6+ Kh7 35. Qe7+ Kg6 36. Qg7+ Kf5 37. Re5+ Kxf4 38. Qg3# 1-0

[Event "Michigan Class D/E"]
[Site "Grand Rapids, MI"]
[Date "1999.01.09"]
[Round "2"]
[White "Crysler, Jerry"]
[Black "Miller, Jess"]
[Result "0-1"]
[WhiteElo "1605"]
[BlackElo "1605"]
[PlyCount "60"]
[EventDate "1999.01.09"]

1. g3 d5 2. Bg2 e6 3. c4 c5 4. cxd5 exd5 5. d3 Nf6 6. Nc3 Nc6 7. Bg5 Be6 8.
Bxf6 gxf6 9. Nf3 Qd7 10. O-O O-O-O 11. Qa4 a6 12. Rab1 Bh3 13. Nxd5 Qxd5 14.
Bxh3+ Kb8 15. a3 Bd6 16. Bg2 Qe6 17. e3 Bc7 18. Qc2 Bb6 19. Nd2 h5 20. Nc4 Bc7
21. b4 cxb4 22. Bxc6 Qxc6 23. a4 a5 24. Qb3 h4 25. e4 f5 26. exf5 hxg3 27. fxg3
Bxg3 28. hxg3 Rde8 29. Ne3 Qh1+ 30. Kf2 Rh2+ 0-1

[Event "Michigan Class D/E"]
[Site "Grand Rapids, MI"]
[Date "1999.01.09"]
[Round "2"]
[White "Crist, Kevin"]
[Black "Sinke, Brian"]
[Result "0-1"]
[WhiteElo "1605"]
[BlackElo "1605"]
[PlyCount "74"]
[EventDate "1999.01.09"]

1. d4 Nf6 2. c4 e6 3. Nc3 c5 4. e3 g6 5. Nf3 d6 6. Qc2 Bg7 7. b3 Nc6 8. Nb5 a6
9. Nc3 O-O 10. Bd3 cxd4 11. exd4 Nb4 12. Qd2 Nxd3+ 13. Qxd3 Bd7 14. Bg5 Re8 15.
O-O h6 16. Bh4 Qc7 17. Bg3 Nh5 18. Ne4 Nxg3 19. Nxg3 d5 20. c5 Bb5 21. Qe3 Bxf1
22. Rxf1 Rac8 23. b4 b6 24. Rb1 bxc5 25. bxc5 Rb8 26. Re1 Rb2 27. a3 Reb8 28.
Nd2 Qa5 29. Ngf1 Ra2 30. Nb1 Bxd4 31. Qc1 Bxf2+ 32. Kh1 Qxe1 33. Qxe1 Bxe1 34.
Nc3 Bxc3 35. h3 Rb1 36. c6 Rxf1+ 37. Kh2 Be5# 0-1

[Event "Michigan Class D/E"]
[Site "Grand Rapids, MI"]
[Date "1999.01.09"]
[Round "1"]
[White "Crist, Kevin"]
[Black "Jaskot, Allan"]
[Result "0-1"]
[WhiteElo "1605"]
[BlackElo "1605"]
[PlyCount "124"]
[EventDate "1999.01.09"]

1. e4 e5 2. Nf3 Nc6 3. Bb5 Nf6 4. d3 Bc5 5. Be3 Bxe3 6. fxe3 d6 7. d4 a6 8.
Bxc6+ bxc6 9. Nbd2 Bg4 10. h3 Bh5 11. O-O O-O 12. c3 Re8 13. Qc2 Re7 14. Nh4
Rd7 15. Qd3 d5 16. Rf5 exd4 17. exd4 Bg6 18. Nxg6 fxg6 19. Rf3 c5 20. e5 c4 21.
Qe3 a5 22. exf6 gxf6 23. Qe6+ Kg7 24. Raf1 f5 25. Qe5+ Kf7 26. Rg3 Re7 27. Qf4
a4 28. Nb1 Rb8 29. Qd2 Qd6 30. Kh2 Rbe8 31. Rff3 Re2 32. Qh6 Rxb2 33. Qxh7+ Kf8
34. Qh6+ Ke7 35. Re3+ Kd8 36. Qh4+ Kd7 37. Qh7+ Kd8 38. Rxe8+ Kxe8 39. Qh8+ Kd7
40. Na3 Rxa2 41. Nb5 Qf4 42. h4 Re2 43. Kh3 Re1 44. Qg7+ Kd8 45. Qf6+ Kd7 46.
Kh2 Re3 47. Qg5 Re4 48. Qxf4 Rxf4 49. Kh3 c5 50. dxc5 Kc6 51. Na3 Kxc5 52. Rxg6
d4 53. Rg3 d3 54. Nb1 a3 55. Re3 a2 56. g3 axb1=Q 57. Re5+ Kd6 58. gxf4 Qh1+
59. Kg3 d2 60. Re2 d1=Q 61. Kf2 Qxh4+ 62. Ke3 Qd3# 0-1